书目信息 |
| 题名: |
二胡音阶、琶音练习
|
|
| 作者: | 王永德 编著 | |
| 分册: | ||
| 出版信息: | 上海 上海音乐出版社 1995.1 |
|
| 页数: | 67页 | |
| 开本: | 16开 | |
| 丛书名: | ||
| 单 册: | ||
| 中图分类: | J632.21 | |
| 科图分类: | ||
| 主题词: | 民族器乐--理论 , 民族乐器--奏法 | |
| 电子资源: | ||
| ISBN: | 7-80553-505-1 | |
| 000 | 00589nam0 2200205 45 | |
| 001 | 0011130984 | |
| 005 | 20031219104047.3 | |
| 010 | @a7-80553-505-1@dCNY5.00 | |
| 100 | @a20001113d1995 km y0chiy0120 ea | |
| 101 | 0 | @achi |
| 105 | @a z 000yy | |
| 200 | 1 | @a二胡音阶、琶音练习@AEr Hu Yin Jie、Pa Yin Lian Xi@f王永德编著@FWang Yong De Bian Zhu |
| 210 | @a上海@c上海音乐出版社@d1995.1 | |
| 215 | @a67页@d16开 | |
| 606 | 0 | @a民族器乐@x理论 |
| 606 | 0 | @a民族乐器@x奏法 |
| 690 | @aJ632.21@v1 | |
| 701 | 0 | @a王永德@4编著 |
| 801 | @aCN@bTSTC@c20001113 | |
| 905 | @b292765-769@dJ632.21@e23@f5 | |
| 二胡音阶、琶音练习/王永德编著.-上海:上海音乐出版社,1995.1 |
| 67页;16开 |
| ISBN 7-80553-505-1:CNY5.00 |
| ● |
| 相关链接 |
|
|
|
|
正题名:二胡音阶、琶音练习
索取号:J632.21/23
 
预约/预借
| 序号 | 登录号 | 条形码 | 馆藏地/架位号 | 状态 | 备注 |
| 1 | 0292765 | 002927658 | 第一借阅区/ [索取号:J632.21/23] | 在馆 | |
| 2 | 0292766 | 002927667 | 第一借阅区/ [索取号:J632.21/23] | 在馆 | |
| 3 | 0292767 | 002927676 | 第一借阅区/ [索取号:J632.21/23] | 在馆 | |
| 4 | 0292768 | 002927685 | 第一借阅区/ [索取号:J632.21/23] | 在馆 | |
| 5 | 0292769 | 002927694 | 第一样本阅览室/ [索取号:J632.21/23] | 在馆 |